000 00409nam a22001457a 4500
999 _c1696
_d1696
008 200129b ||||| |||| 00| 0 eng d
082 0 0 _a621.165
_bA2111
100 _91321
_aAdams, H.T.
245 1 0 _aElements of internal combustion turbine theory
_cby H T Adams
260 _aCambridge
_bUniversity Press
_c1950
300 _axii,176p.
365 _d17.03
650 0 _aInternal Combustion Engines
942 _cBK